00621nam a2200181Ii 450000100060000000300090000600800410001504000330005604100080008908200150009710000240011224500750013626401350021130000120034633600260035833700280038433800270041210445CO-ViMGA241108s9999||||xx |||||||||||||| ||und|| aCO-ViMGAbspaerdacCO-ViMGA0 aunk04a338.1-S9961 aEdward F Szczepanik10a Formación de capital agrícola en algunos paises en desarrollo 1a[Lugar de publicación no identificado] : Organización de las Naciones Unidas para la Agricultura y la Alimentación FAO, 1971 avolumen atextbtxt2rdacontent aunmediatedbn2rdamedia avolumebnc2rdacarrier